000 00319nam a2200133 a 4500
005 20140513081056.0
008 070202s19uu xx 00 eng d
050 _aVCD
_bGo646 2004
245 _aGood day good night.
260 _bViva video,
_c2004.
440 _aBarney :
650 _aDay and night
999 _c116511
_d116511